00903nam a2200181 a 4500008004100000050002300041110001500064245011700079260003900196350000900235490005400244650006200298650005300360710006200413995010000475999001700575952012900592120416s2004 ||||||||||||||||| || u aIBRD(06)OED/2004/1 aWorld Bank14aThe CGIAR at 31: an independent meta-evaluation of the Consultative Group on International Agricultural Research aWashington, D.C.bWorld Bankc2004 a0.00 aWorld Bank Operations Evaluation Department (OED) aCONSULTATIVE GROUP ON INTERNATIONAL AGRICULTURAL RESEARCH aAGRICULTURE--RESEARCH--INTERNATIONAL COOPERATION aConsultative Group on International Agricultural Research D0.00FCBU-MAIN LIBRARY (Kitwe)H1I0.00M1UAVAILABLEWDec 18, 2007ZInternational Publications c36987d36987 00102lcc4070a001b001cInternational Publicationsd2022-11-30l0oIBRD(06)OED/2004/1p38186r2022-11-30w2022-11-30y002